000
00300nam a22001337a 4500
008
180302b xxu||||| |||| 00| 0 eng d
020
_a
9780963816849
041
_a
eng
080
_2
2nd
_a
612.39
100
_a
10
101
_a
NUT
245
_a
Fitness theory& practice
_c
Jordan,P
942
_2
udc
_c
BK
999
_c
44082
_d
44082